01410 2200337 4500001002100000005001500021035002000036007000300056008004100059020002200100082001400122084002300136100002000159245014200179250002700321300002500348650002300373700003000396700002600426520041800452264003200870336002100902337003000923338002300953990001600976990001600992990001601008990001601024990001601040990001601056INLIS00000000116288820230105105352 a0010-0123000056ta230105 g 0 ind  a978-979-3862-78-1 a2X6. 1522 aSR 2X6. 1522 SUR c0 aSuryati Armaiyn1 aCatatan hati sang bunda :bperan ibu dalam membangun karakter bangsa /cSuryati Armaiyn; penyunting, M. Rusli Amin; editor, Tim AMP Press aCetakan Ke-2, Mei 2016 a162 halaman ;c19 cm 4aWanita dalam Islam0 aM. Rusli Aminepenyunting0 aTim AMP Presseeditor aBuku ini memberikan nasihat tentang peran ibu dalam membangun karakter bangsa, tanggung jawabnya, baik terhadap diri sendiri, suami, anak, masyarakat dan lingkungannya. Karena Ibu adalah manusia yang sangat ajaib. Dia akan menjadi manusia sempurna manakala mampu mengemban amanah Allah. Yaitu menjadi guru bagi anak-anaknya , pengasuh bagi keluarga, pendamping bagi suami dan mengatur kesejahteraan rumah tangga. aJakarta :bAMP Press,c2016 2rdacontentateks 2rdamediaatanpa perantara 2rdacarrieravolume a51234.64054 a51235.64055 a51235.64055 a51234.64054 a51234.64054 a51235.64055